000 00299nam a22001337a 4500
008 170824b xxu||||| |||| 00| 0 eng d
020 _a9780697085818
041 _aeng
080 _23 ED
_a51
100 _a38
101 _aMAT
245 _aINTERMEDIAYE ALGEBRA
_cWESNER.T.H
942 _2udc
_cBK
999 _c24893
_d24893